000 00729nam a2200181Ia 4500
008 100920s9999 xx 000 0 und d
082 _b84045
_a891.464 न 02
100 _aवैराळ नाथ.
245 _aधडपड अर्थात अण्णाभाऊ, ओशो आणि मी.
260 _bश्री समर्थ साई वितरण, पुणे.
_c2002
300 _a164
_bसाधी
365 _b80
520 _aनिबंध.
630 _aधडपड अर्थात अण्णाभाऊ, ओशो आणि मी.
650 _aनिबंध.
730 _aधडपड अर्थात अण्णाभाऊ, ओशो आणि मी.
942 _cBOOK
999 _c724638
_d724635